Statistics for American History by Letter - G

Click here to take the quiz!

General Stats

  • This quiz has been taken 335 times
  • The average score is 6 of 15

Answer Stats

QuestionAnswer% Correct
Founder of MicrosoftGates
96%
Most significant battle of the Civil WarGettysburg
89%
Union general of the Civil WarGrant
85%
"Mr. _________, tear down this wall!"Gorbachev
84%
Island transferred to the U.S. after the Spanish warGuam
80%
Inventor of what many consider the first machine gunGatling
52%
This treaty ended the War of 1812Ghent
29%
Small plot of land near Gila River purchased for $10 millionGadsden Purchase
17%
Founder of the American Federation of LaborGompers
17%
This treaty ended the Mexican warGuadalupe Hidalgo
17%
Newspaper editor heavily against slaveryGreeley
8%
Assassin of James Garfield who later pled insanityGuiteau
7%
Name for post-Civil War politicsGilded Age
5%
Thomas Jefferson's Secretary of the TreasuryGallatin
4%
Andrew Carnegie's idea of being charitable with richesGospel of Wealth
2%

Score Distribution

Percentile by Number Answered

Percent of People with Each Score

Your Score History

You have not taken this quiz